Evaluating research in academic journals (Record no. 51572)
[ view plain ]
| 000 -LEADER | |
|---|---|
| fixed length control field | 02024cam a2200373 i 4500 |
| 001 - CONTROL NUMBER | |
| control field | 20567328 |
| 005 - DATE AND TIME OF LATEST TRANSACTION | |
| control field | 20250217131721.0 |
| 008 - FIXED-LENGTH DATA ELEMENTS--GENERAL INFORMATION | |
| fixed length control field | 180703s2019 nyu 001 0 eng |
| 010 ## - LIBRARY OF CONGRESS CONTROL NUMBER | |
| LC control number | 2018026238 |
| 020 ## - INTERNATIONAL STANDARD BOOK NUMBER | |
| International Standard Book Number | 9780815365662 (pbk) |
| 020 ## - INTERNATIONAL STANDARD BOOK NUMBER | |
| International Standard Book Number | 9780815365686 (hbk) |
| 020 ## - INTERNATIONAL STANDARD BOOK NUMBER | |
| International Standard Book Number | 9781351260961 (ebk) |
| 020 ## - INTERNATIONAL STANDARD BOOK NUMBER | |
| International Standard Book Number | 9781351260947 |
| 040 ## - CATALOGING SOURCE | |
| Original cataloging agency | DLC |
| Language of cataloging | eng |
| Transcribing agency | DLC |
| Description conventions | rda |
| Modifying agency | DLC |
| 042 ## - AUTHENTICATION CODE | |
| Authentication code | pcc |
| 100 1# - MAIN ENTRY--PERSONAL NAME | |
| Personal name | Pyrczak, Fred, |
| Relator term | author. |
| 245 10 - TITLE STATEMENT | |
| Title | Evaluating research in academic journals |
| Medium | [electronic resource] : |
| Remainder of title | a practical guide to realistic evaluation / |
| Statement of responsibility, etc | Fred Pyrczak and Maria Tcherni-Buzzeo. |
| 250 ## - EDITION STATEMENT | |
| Edition statement | Seventh edition. |
| 260 ## - PUBLICATION, DISTRIBUTION, ETC. (IMPRINT) | |
| Place of publication, distribution, etc | New York, NY : |
| Name of publisher, distributor, etc | Routledge, Taylor & Francism Group, |
| Date of publication, distribution, etc | c2019. |
| 300 ## - PHYSICAL DESCRIPTION | |
| Extent | viii, 218 pages ; |
| Dimensions | 28 cm |
| 336 ## - CONTENT TYPE | |
| Content Type Term | text |
| Content Type Code | txt |
| Source | rdacontent |
| 337 ## - MEDIA TYPE | |
| Media Type Term | computer |
| Media Type Code | n |
| Source | rdamedia |
| 338 ## - CARRIER TYPE | |
| Carrier Type Term | online resource |
| Carrier Type Code | nc |
| Source | rdacarrier |
| 500 ## - GENERAL NOTE | |
| General note | Includes index. |
| 505 0# - FORMATTED CONTENTS NOTE | |
| Formatted contents note | Background for evaluating research reports -- Evaluating titles -- Evaluating abstracts -- Evaluating introductions and literature reviews -- A closer look at evaluating literature reviews -- Evaluating samples when researchers generalize -- Evaluating samples when researchers do not generalize -- Evaluating measures -- Evaluating experimental procedures -- Evaluating analysis and results sections : quantitative research -- Evaluating analysis and results sections : qualitative research -- Evaluating analysis and results sections : mixed methods research -- Evaluating discussion sections -- Evaluating systematic reviews and meta-analyses : towards evidence-based practice -- Putting it all together. |
| 650 #0 - SUBJECT ADDED ENTRY--TOPICAL TERM | |
| Topical term or geographic name as entry element | Social sciences |
| General subdivision | Research |
| -- | Evaluation. |
| 650 #0 - SUBJECT ADDED ENTRY--TOPICAL TERM | |
| Topical term or geographic name as entry element | Social sciences |
| General subdivision | Methodology. |
| 650 #0 - SUBJECT ADDED ENTRY--TOPICAL TERM | |
| Topical term or geographic name as entry element | Scholarly periodicals. |
| 655 ## - INDEX TERM--GENRE/FORM | |
| Genre/form data or focus term | Electronic books |
| 700 1# - ADDED ENTRY--PERSONAL NAME | |
| Personal name | Tcherni-Buzzeo, Maria, |
| Relator term | author. |
| 856 ## - ELECTRONIC LOCATION AND ACCESS | |
| Uniform Resource Identifier | <a href="https://drive.google.com/file/d/133KB4spzbhIrNKXgXw-eXZ8xAwWIAuCQ/view?usp=sharing">https://drive.google.com/file/d/133KB4spzbhIrNKXgXw-eXZ8xAwWIAuCQ/view?usp=sharing</a> |
| 906 ## - LOCAL DATA ELEMENT F, LDF (RLIN) | |
| a | 7 |
| b | cbc |
| c | orignew |
| d | 1 |
| e | ecip |
| f | 20 |
| g | y-gencatlg |
| 942 ## - ADDED ENTRY ELEMENTS (KOHA) | |
| Source of classification or shelving scheme | Library of Congress Classification |
| Item type | eBooks |
| Withdrawn status | Lost status | Source of classification or shelving scheme | Damaged status | Not for loan | Home library | Current library | Date acquired | Inventory number | Total Checkouts | Date last seen | Price effective from | Koha item type |
|---|---|---|---|---|---|---|---|---|---|---|---|---|
| Library of Congress Classification | BSOP Library | Digital Library | 05/10/2024 | eB-00677 | 05/10/2024 | 05/10/2024 | eBooks |
